Modré z neba

Bibliographic Details
Main Author: Moravčík, Štefan, 1943- (Author)
Other Authors: Cpin, Štefan, 1919-1971 (Illustrator)
Format: Book
Language:Slovak
PhysicalDescription:92 s. ilustr. 22 cm
Published: Bratislava Lienka 1995
ISBN:8088772109
Subjects:

MARC

LEADER 00000cam a2200000 a 4500
001 vtls001124963
003 SK-MaSNL
005 20260302064358.0
008 240226s1995 xo a br 000 p slo
015 |a SNBA1996/0400887 
020 |a 8088772109 
035 |a SNK000067809 
035 |a urn:nbn:sk:snk-amk3c3 
035 |a urn:nbn:sk:snk-am0058gh 
035 |a 14120B77-E99B-4A02-A0C2-191C95C6882F 
040 |a SNK  |b slo  |c SNK  |e AACR2 
041 0 |a slo 
044 |a xo  |c SK 
080 |a 885.4-3+885.4-1(087.5)  |2 1981 
080 |a 885.4-1(087.5)  |2 1981 
100 1 |a Moravčík, Štefan,  |d 1943-  |4 aut  |9 98697 
245 1 0 |a Modré z neba  |c Štefan Moravčík, Štefan Cpin 
260 |a Bratislava  |b Lienka  |c 1995 
300 |a 92 s.  |b ilustr.  |c 22 cm 
655 7 |a slovenská poézia  |2 SNKPH  |9 70444 
655 7 |a poézia pre deti  |2 SNKPH  |9 86748 
700 1 |a Cpin, Štefan,  |d 1919-1971  |4 ill  |9 117258 
919 |a 80-88772-10-9 
954 |a beletria pôvodná (slovenská)  |2 lita 
958 |a TL 
958 |a LX 
958 |a DB 
999 |c 1137337  |d 1139267 
952 |t P60, <09>, [BOOK], {629}  |a SNK  |b SNK  |y NEVYP  |7 0  |o snkC 163  |i snk298/960117  |0 0  |1 0  |4 0  |d 1996-01-16  |l 0  |r 2004-12-31 00:00:00  |w 2026-02-24 
952 |t P60, <03>, [BOOK], {603}  |a SNK  |b SNK  |y PREZ  |7 0  |p 17A0004651  |o snkSC 89765  |i snkKSP 00728/96  |0 0  |1 0  |4 0  |d 1996-01-16  |f 1  |l 0  |r 2025-09-09 00:00:00  |w 2026-02-24 
952 |t P60, <05>, [BOOK], {605}  |a SNK  |b SNK  |y PREZ  |7 0  |p 17A0079336  |o snkSC 89765 D1  |i snkKSP 00729/96  |0 0  |1 0  |4 0  |d 1996-01-16  |l 0  |r 2004-12-31 00:00:00  |w 2026-02-24